Estudio de la demanda eléctrica a corto y largo plazo utilizando redes neuronales radiales
Gespeichert in:
| 1. Verfasser: | |
|---|---|
| Weitere Verfasser: | |
| Format: | Buch |
| Sprache: | Spanish |
| Veröffentlicht: |
[San José, Costa Rica]
2012
|
| Schlagworte: | |
| Tags: |
Tag hinzufügen
Keine Tags, Fügen Sie den ersten Tag hinzu!
|
MARC
| LEADER | 00000nam a22000007a 4500 | ||
|---|---|---|---|
| 003 | 011692 | ||
| 005 | 20230830095643.0 | ||
| 008 | 151006b2012 cr a|||| |||| 00| ||spa d | ||
| 040 | |c cru CEDI | ||
| 090 | |a TFG 6862 | ||
| 100 | |9 1324 |a Soto Gómez, Gabriel | ||
| 245 | |a Estudio de la demanda eléctrica a corto y largo plazo utilizando redes neuronales radiales | ||
| 260 | |a [San José, Costa Rica] |c 2012 | ||
| 300 | |a xii, 65 hojas : ilustraciones | ||
| 500 | |a Proyecto de graduación (bachillerato en ingeniería eléctrica)--Universidad de Costa Rica. Facultad de Ingeniería. Escuela de Ingeniería Eléctrica | ||
| 501 | |a Profesor Guía IE-0502 Proyecto Eléctrico de Graduación: Ing. Gonzalo Mora Jiménez | ||
| 650 | |x REDES NEURALES (COMPUTADORAS) |x SISTEMAS DE CONTROL INTELIGENTE |x INGENIERÍA - CONTROL AUTOMATICO |x INTELIGENCIA ARTIFICIAL |x SISTEMAS EXPERTOS (COMPUTADORAS) |9 1325 | ||
| 700 | |9 731 |a Mora Jiménez, Gonzalo, 1977- |d Director de Proyecto Eléctrico | ||
| 942 | |c CEDI | ||
| 999 | |c 14082 |d 14082 | ||
